000 00942nam a2200241 u 4500
001 66062
005 20180714073650.0
008 160905s2008 mx a r 000 0 spa d
020 _a9789688453360
041 _aspa
082 0 _a333.30972
_bCAS
100 1 _aCastillo Escalona, Aurora,
_ecoordinador
245 1 0 _aEstudios regionales :
_bla propiedad de la tierra en la conformación regional : pasado y presente /
_cAurora Castillo Escalona, Rosa Martínez Pérez (coordinadoras).
250 _aPrimera edición
264 1 _aMéxico :
_bUniversidad Autónoma de Querétaro,
_c2008
300 _axvii, 476 páginas :
_bilustraciones ;
_c22 cm.
336 _atexto
_2rdacontent
337 _asin mediación
_2rdamedia
338 _avolumen
_2rdacarrier
650 4 _aTenencia de la tierra
_zMéxico
_xHistoria
650 4 _aPlanificación regional
_zMéxico
_xHistoria
700 1 _aMartínez Pérez, Rosa,
_ecoordinador
999 _c66062
_d66062